[Event "Campobasso op 20th"]
[Site "Campobasso"]
[Date "2013.08.03"]
[Round "4"]
[White "Grasso, Nino"]
[Black "Ambrosone, Antonio"]
[Result "0-1"]
[WhiteElo "2038"]
[BlackElo "1901"]
[PlyCount "114"]
[EventDate "2013.08.02"]
[EventType "swiss"]
[EventRounds "6"]
[EventCountry "ITA"]
[SourceTitle "EXT 2015"]
[Source "ChessBase"]
[SourceDate "2014.11.20"]
[SourceVersion "1"]
[SourceVersionDate "2014.11.20"]
[SourceQuality "1"]

1. e4 Nf6 2. e5 Nd5 3. c4 Nb6 4. d4 d6 5. exd6 exd6 6. Nc3 Be7 7. Be3 Nc6 8. d5 Ne5 9. Be2 0-0 10. b3 f5 11. f4 Ng6 12. Nf3 Bf6 13. Rc1 Re8 14. Qd2 Qe7 15. Kf2 Nd7 16. Rhe1 Bxc3 17. Qxc3 Nf6 18. Nd2 Bd7 19. Bf3 Ne4+ 20. Nxe4 fxe4 21. Bd4 Qh4+ 22. g3 Qxh2+ 23. Bg2 Bh3 24. Rg1 Re7 25. a4 Nxf4 26. gxf4 Qxf4+ 27. Bf3 Qxf3+ 28. Qxf3 exf3 29. Kxf3 g6 30. Kg3 Bf5 31. Rh1 a6 32. b4 Re4 33. Ba1 Rae8 34. b5 Re3+ 35. Kf2 Bg4 36. Rce1 Rxe1 37. Rxe1 Rxe1 38. Kxe1 Kf7 39. Kf2 Bd1 40. a5 Bb3 41. bxa6 bxa6 42. c5 dxc5 43. Be5 Bxd5 44. Bxc7 g5 45. Kg3 h5 46. Bd8 Kg6 47. Bb6 c4 48. Bd4 h4+ 49. Kg4 Be6+ 50. Kf3 Kf5 51. Bc3 g4+ 52. Kg2 Bd5+ 53. Kh2 Kf4 54. Bf6 g3+ 55. Kh3 Be6+ 56. Kxh4 g2 57. Bd4 c3 0-1